000 00498nam a2200181 a 4500
005 20140310183428.0
008 071219s19uu xx uuu eng d
020 _a978422114643
050 _aHD 30.28
_b.Ex956 2007
245 _aExecuting Strategy :
_bfor business results. /
_c
260 _aBoston :
_bHarvard Business School Press,
_c2007.
300 _a155 p. :
_c22 cm.
521 _aBSBA
650 _aStrategic planning.
942 _cBK
_2lcc
_kFOR
999 _c22684
_d22684